Non-Stop Scheduled Flights from Australia with Exception - Statistics

General Stats
  • This quiz has been taken 309 times
  • The average score is 8 of 10
Answer Stats
Answer % Correct
Los Angeles
97%
London
94%
San Francisco
90%
Johannesburg
84%
Vancouver
84%
Santiago
80%
Dallas-Fort Worth
72%
Houston
71%
Honolulu
63%
Mauritius
25%
No matching quizzes found
Score Distribution
Percent of People with Each Score
Percentile by Number Answered
Your Score History
You have not taken this quiz